| 000 | 01097cam a22002411 4500 | ||
|---|---|---|---|
| 001 | ca 05001117 | ||
| 003 | DLC | ||
| 005 | 20260227111041.0 | ||
| 008 | 790309m16771683ne cef 000 0 ger | ||
| 010 | _aca 05001117 | ||
| 035 | _a(OCoLC)4727680 | ||
| 040 |
_aDLC _cCtU _dDLC |
||
| 042 | _apremarc | ||
| 043 |
_ae------ _ae-ne--- |
||
| 050 | 0 | 0 |
_aDJ181 _b.V11 |
| 100 | 1 |
_aValckenier, Pieter, _d1638-1712. |
|
| 245 | 1 | 4 |
_aDas verwirrte Europa. _bOder, Politische und historische Beschreibung, der in Europa, fůrnehmlich in dem Vereinigten Niederlande, und in dessen Nachbarschafft, seither dem Jahre 1664. entstandenen, und durch die gesuchte allgemeine Monarchie der Frantzosen, verursachten blutigen Kriegen, und leidigen Empo̊rungen, nebenst deroselben Ursachen und Grůnden ... Durch Hrn. Petrus Valckenier. |
| 260 |
_aAmsterdam, _bJ. von Meurs, J. von Someren, H. und D. Boom, _c1677-83. |
||
| 300 |
_a3 v. _bfold. plates, ports., fold. plans. _c32 cm. |
||
| 651 | 0 |
_aEurope _xHistory _y1648-1789. |
|
| 651 | 0 |
_aNetherlands _xHistory _y1648-1714. |
|
| 700 | 1 |
_aMuller, Andreas, _cSecretarius. |
|
| 999 |
_c13328 _d13328 |
||